000 00635nam a2200265Ia 4500
005 20260306164102.0
008 008 260114s9999 xx 000 0 eng d
020 _a9780823286287
037 _aEBOOK
040 _aCRL
040 _beng
040 _cCRL
041 _2eng
041 _aeng
084 _qCRL
100 _aMccance
_91129967
245 4 _aThe Reproduction Of Life Death: Derrida's La Vie La Mort
260 _bFordham University Press
260 _c2020
650 _aPhilosophy
856 _uhttps://academic.oup.com/book/37127
942 _cEBOOK
999 _c1712696
_d1712696